000 00658nam a2200217Ia 4500
005 20260429112317.0
008 260429s9999||||xx |||||||||||||| ||und||
020 _a9789349557406
041 _aEnglish
082 _a954
_bJAC
100 _aJackson, A. V. Williams
245 0 _aHistory of India :
_bthe Mohammedan period as described by its own historians, Vol. 5 /
_cA. V. Williams Jackson
250 _a1st ed.
260 _aNew Delhi :
_bB.R. Publishing Corporation,
_c2024.
300 _axiii, 369 p.; hb
440 _vVol. 5
650 _a Medieval India
650 _aIndia-History-Islamic period
700 _a Elliot, H. M.
942 _cTB
999 _c53422
_d53422